Normal view
MARC view
- الثقة بالنفس-الجوانب النفسية-الشخصية-علم النفس الاجتماعي
Entry Topical Term
001 - CONTROL NUMBER
- control field: 19403
003 - CONTROL NUMBER IDENTIFIER
- control field: JO-AjAnu
005 - DATE AND TIME OF LATEST TRANSACTION
- control field: 20230606073406.0
008 - FIXED-LENGTH DATA ELEMENTS
- fixed length control field: 230606|| aca||aabn | a|a d
040 ## - CATALOGING SOURCE
- Original cataloging agency: JO-AjAnu
- Transcribing agency: JO-AjAnu
150 ## - HEADING--TOPICAL TERM
- Topical term or geographic name entry element: الثقة بالنفس-الجوانب النفسية-الشخصية-علم النفس الاجتماعي
670 ## - SOURCE DATA FOUND
- Source citation: Work cat.: (JO-AjAnu)9965: هرمز،نصر جورج, author 19402, كيف تقوي شخصيتك وتنميها